Pedagogía social: fundamentación científica
Guardat en:
| Autor principal: | |
|---|---|
| Format: | Llibre |
| Idioma: | espanyol |
| Publicat: |
Barcelona
Herder
1994
|
| Col·lecció: | Biblioteca de Pedagogía
|
| Matèries: | |
| Etiquetes: |
Afegir etiqueta
Sense etiquetes, Sigues el primer a etiquetar aquest registre!
|
MARC
| LEADER | 00000nam a2200000 a 4500 | ||
|---|---|---|---|
| 001 | UCR5068 | ||
| 003 | CL-VaPUC | ||
| 008 | 980320e19940000SP |||||||||||||||||spa|d | ||
| 082 | 0 | 4 | |a 370.193 |b FER |2 21 |
| 100 | 0 | |a Fermoso, Paciano |e author |9 405739 | |
| 245 | 1 | 0 | |a Pedagogía social: fundamentación científica |
| 300 | |a 409 p | ||
| 942 | |c BK | ||
| 945 | |d 19980320 00:00:00 |a rbrito | ||
| 260 | |a Barcelona |b Herder |c 1994 | ||
| 650 | 0 | |a Sociología de la educación |9 260380 | |
| 650 | 0 | |a Educación cívica |9 314665 | |
| 650 | 0 | |a Educación moral |9 308319 | |
| 650 | 0 | |a Problemas sociales |9 258537 | |
| 583 | |a last modification |c 20170913 12:52:46 |k Rodrigo Vera | ||
| 490 | 0 | |a Biblioteca de Pedagogía | |
| 999 | |c 267801 |d 267799 | ||
| 952 | |0 0 |1 0 |4 0 |6 370_193000000000000_FER_1994 |7 0 |8 A |9 300495 |a BIBEDU |b BIBEDU |d 2019-11-20 |i 3404943 |o 370.193 FER 1994 |p 3404943 |r 2019-11-20 |w 2019-11-20 |y BK |k EPE | ||